|
|
|
|
| LEADER |
00000nab a2200000 a 4500 |
| 001 |
vtls011583019 |
| 003 |
SK-MaSNL |
| 005 |
20260318114412.0 |
| 008 |
160929c2016 xo er p 000 c0ukr |
| 015 |
|
|
|a SNBRB2016/09
|
| 038 |
|
|
|a SVKPOCL
|
| 040 |
|
|
|a SVKPOCL
|b slo
|c SVKPOCL
|e AACR2
|
| 041 |
0 |
|
|a ukr
|
| 044 |
|
|
|a xo
|c SK
|
| 080 |
|
|
|a 80(=16)+908(4)
|2 2011
|
| 080 |
|
|
|a 80(=161.2)+908(477)
|2 2011
|
| 080 |
|
|
|a 821.161.2(438)
|2 2011
|
| 080 |
|
|
|a 821.161.2(438)-051
|2 2011
|
| 080 |
|
|
|a 929 Graban, Władysław
|2 2011
|
| 100 |
1 |
|
|a Jackanin, Ivan,
|d 1950-
|4 aut
|9 103637
|
| 245 |
1 |
0 |
|a «Kypyt' zelena zametil'»
|c Ivan Jackanyn
|
| 300 |
|
|
|b Fotogr.
|
| 500 |
|
|
|a Jackanyn, Ivan pozri Jackanin, Ivan
|
| 500 |
|
|
|a Hraban, Volodyslav pozri Graban, Władysław
|
| 600 |
1 |
7 |
|a Graban, Władysław,
|d 1955-
|2 svkpocl
|9 1115173
|
| 650 |
0 |
7 |
|a ukrajinská literatúra
|z Poľsko
|2 svkpocl
|9 1062382
|
| 650 |
0 |
7 |
|a ukrajinskí spisovatelia
|2 svkpocl
|9 66678
|
| 650 |
0 |
7 |
|a slavistika
|2 svkpocl
|9 4282
|
| 650 |
0 |
7 |
|a ukrajinistika
|2 svkpocl
|9 51200
|
| 651 |
|
7 |
|a Poľsko
|2 svkpocl
|9 16755
|
| 651 |
|
7 |
|a Volovec (Ukrajina)
|2 svkpocl
|9 55300
|
| 655 |
|
7 |
|a články z novín a časopisov
|2 svkpocl
|9 267496
|
| 773 |
0 |
|
|t Nove žyttja
|g Roč. 66, č. 15 (2016), s. 2 a 3
|
| 852 |
|
|
|a SVKPO
|b KIS3GCP
|
| 958 |
|
|
|a UK
|
| 958 |
|
|
|a SK
|
| 958 |
|
|
|a SS
|
| 958 |
|
|
|a PL
|
| 958 |
|
|
|a BC
|
| 958 |
|
|
|a LX
|
| 958 |
|
|
|a UA
|
| 999 |
|
|
|c 3363649
|d 3365579
|